00746nam a2200241 a 4500001001300000003000900013005001700022008004100039020002300080082001600103100001800119245006900137260004500206300000900251500003500260505002400295650002000319700001800339902000800357942000700365952011700372999001500489nice12345678IN_TiNIC20260116012305.0050524s1988 gena grp 000 0 eng  a3906706 c10000a230.41bKIR aKirst, Nelson aRethinking Luther`s Theology in the Contexts of the Third World. aGenevabLutheran World Federation c1988 a158p aincludes index and biblioraphy2 aList of participant aTheology-Luther1 aKirst, Nelson bSRS cBK 001040708StackRoom-aHMIbHMId2007-06-14g100.00l0o230.41 KIRp013807r2007-06-14v100.00w2005-05-24yBK c6413d6413